[Event "RSA-chT U08"]
[Site "Cape Town"]
[Date "2016.01.06"]
[Round "5.5"]
[White "Van der Linde, Petrus"]
[Black "Smit, Tiaan"]
[Result "1-0"]
[WhiteElo "557"]
[BlackElo "409"]
[PlyCount "27"]
[EventDate "2016.01.04"]
[EventType "team-tourn"]
[EventRounds "7"]
[EventCountry "RSA"]
[SourceTitle "CBM 170 Extra"]
[Source "ChessBase"]
[SourceDate "2016.02.25"]
[SourceVersion "1"]
[SourceVersionDate "2016.02.25"]
[SourceQuality "1"]
[WhiteTeam "Kenneth Kaunda"]
[BlackTeam "Johannesburg Metro"]
[WhiteTeamCountry "RSA"]
[BlackTeamCountry "RSA"]

1. e4 e5 2. Bc4 Bb4 3. c3 Bc5 4. Nh3 Bxf2+ 5. Nxf2 Nf6 6. 0-0 0-0 7. a4 d6 8. d3 Bg4 9. Nxg4 Nxg4 10. Qxg4 Nc6 11. Bg5 Qe8 12. d4 exd4 13. cxd4 Nxd4 14. e5 1-0

[Event "RSA-chT U08"]
[Site "Cape Town"]
[Date "2016.01.04"]
[Round "1.5"]
[White "Smit, Tiaan"]
[Black "Kruger, Sarah"]
[Result "0-1"]
[WhiteElo "409"]
[BlackElo "389"]
[PlyCount "44"]
[EventDate "2016.01.04"]
[EventType "team-tourn"]
[EventRounds "7"]
[EventCountry "RSA"]
[SourceTitle "CBM 170 Extra"]
[Source "ChessBase"]
[SourceDate "2016.02.25"]
[SourceVersion "1"]
[SourceVersionDate "2016.02.25"]
[SourceQuality "1"]
[WhiteTeam "Johannesburg Metro"]
[BlackTeam "Nelson Mandela Bay"]
[WhiteTeamCountry "RSA"]
[BlackTeamCountry "RSA"]

1. e4 c5 2. d3 d6 3. Nf3 e5 4. Bg5 f6 5. Bd2 Be6 6. Nc3 Nc6 7. Nb5 h6 8. Nxd6+ Bxd6 9. Qe2 Nge7 10. 0-0-0 0-0 11. g3 Qd7 12. Bg2 Rfd8 13. Ne1 a6 14. Bf3 a5 15. Bxa5 Nxa5 16. Bh5 g6 17. Bf3 Nac6 18. Qe3 f5 19. Qxh6 Ra5 20. h4 Rxa2 21. Kb1 Rda8 22. h5 Ra1# 0-1